Normal view
MARC view
- FACTORY AND TRADE WASTE- MANAGEMENT, WASTE MINIMIZATION, RECYCLING - WASTE, ETC, INDUSTRIAL SITES
Entry Topical Term
001 - CONTROL NUMBER
- control field: 61315
003 - CONTROL NUMBER IDENTIFIER
- control field: NUST
005 - DATE AND TIME OF LATEST TRANSACTION
- control field: 20210628202730.0
008 - FIXED-LENGTH DATA ELEMENTS
- fixed length control field: 210628|| aca||aabn | a|a d
040 ## - CATALOGING SOURCE
- Original cataloging agency: NUST
- Transcribing agency: NUST
150 ## - HEADING--TOPICAL TERM
- Topical term or geographic name entry element: FACTORY AND TRADE WASTE- MANAGEMENT, WASTE MINIMIZATION, RECYCLING - WASTE, ETC, INDUSTRIAL SITES
670 ## - SOURCE DATA FOUND
- Source citation: Work cat.: (NUST): Nemerow, Nelson Leonard 61314, Zero pollution for industry, waste minimization through industrial complexes, 1995
